Madhya Pradesh Vidhan Sabha me mahila vidhayakan ki bhumika (1967-1977) (Record no. 16660)

MARC details
000 -LEADER
fixed length control field 00488nam a2200157Ia 4500
082 ## - DEWEY DECIMAL CLASSIFICATION NUMBER
Classification number TM.0088
100 ## - MAIN ENTRY--AUTHOR NAME
Personal name Modi, Saroj
245 #0 - TITLE STATEMENT
Title Madhya Pradesh Vidhan Sabha me mahila vidhayakan ki bhumika (1967-1977)
260 ## - PUBLICATION, DISTRIBUTION, ETC. (IMPRINT)
Year of publication 1985
Name of publisher Jiwaji University
300 ## - PHYSICAL DESCRIPTION
Number of Pages 152p. + C D -26
650 ## - SUBJECT ADDED ENTRY--TOPICAL TERM
Topical Term LEGISLATORS///WOMEN LEGISLATORS
650 ## - SUBJECT ADDED ENTRY--TOPICAL TERM
Topical Term WOMEN IN POLITICS///WOMEN LEGISLATORS
650 ## - SUBJECT ADDED ENTRY--TOPICAL TERM
Topical Term WOMEN LEGISLATORS - MADHYA PRADESH
710 ## - ADDED ENTRY--CORPORATE NAME
Corporate name or jurisdiction name as entry element Srivastava, Dawarika Prasad
942 ## - ADDED ENTRY ELEMENTS (KOHA)
Koha item type Thesis
Source of classification or shelving scheme Dewey Decimal Classification
Holdings
Withdrawn status Lost status Damaged status Not for loan Home library Current library Date acquired Bill Date Full call number Accession Number Price effective from Koha item type
        NASSDOC Library NASSDOC Library 08/10/2004 2004-10-22 TM.0088 24484 18/04/2019 Thesis